Richard Weiskirchner (1861-1926) : der unbekannte Wiener Bürgermeister /

Hlavní autor: Mertens, Christian, 1965-
Korporativní autor: Österreich Archiv
Jazyk: Němčina
Vydáno: Wien : Verlag für Geschichte und Politik, 2006
Vydání: 1. Aufl.
Edice: Schriftenreihe des Instituts für Österreichkunde
Témata:
Fyzický popis: 263 s. : il.
Knihy
Uloženo v:
LEADER 01838nam a2200517 a 4500
001 001000754
003 CZ BrMZK
005 20200409132118.0
007 ta
008 071207s2006 au a er 000 0bger
020 |a 3-7028-0429-3  |q (brož.) 
040 |a BOA001  |b cze 
043 |a e-xr---  |b e-xr-vy  |2 czenas 
045 |a w6y2 
072 7 |a 32  |x Politika  |2 Konspekt  |9 15 
072 7 |a 929  |x Biografie  |2 Konspekt  |9 8 
080 |a 32-051  |2 MRF 
080 |a 352.08  |2 MRF 
080 |a 328/329  |2 MRF 
080 |a 929  |2 MRF 
080 |a (436)  |2 MRF 
080 |a (436.1)  |2 MRF 
080 |a (092)  |2 MRF 
100 1 |a Mertens, Christian,  |d 1965-  |7 jn20030526006  |4 aut 
245 1 0 |a Richard Weiskirchner (1861-1926) :  |b der unbekannte Wiener Bürgermeister /  |c Christian Mertens 
250 |a 1. Aufl. 
260 |a Wien :  |b Verlag für Geschichte und Politik,  |c 2006 
300 |a 263 s. :  |b il. 
490 1 |a Schriftenreihe des Instituts für Österreichkunde 
541 |a 1.8.2007 
550 |a Vydavatel: Österreich Archiv 
600 1 7 |a Weiskirchner, Richard,  |d 1861-1926  |7 nlk20030144037 
648 4 |a 1861-1926 
648 7 |a 19.-20. století  |7 ch757015 
648 7 |a 20. století  |7 ch460558 
650 0 7 |a dějiny  |7 ph114390  |2 czenas 
650 0 7 |a politici  |7 ph115781  |z Rakousko  |y 19.-20. století  |2 czenas 
650 0 7 |a starostové  |7 ph126027  |z Rakousko  |y 20. století  |2 czenas 
651 7 |a Vídeň (Rakousko)  |7 ge131380  |x politika a vláda  |y 20. století  |2 czenas 
655 7 |a biografie  |7 fd131909  |2 czenas 
710 2 |a Österreich Archiv  |7 kn20060316012 
830 0 |a Schriftenreihe des Instituts für Österreichkunde 
910 |a BOA001  |b RK-0005.128 
990 |a BK 
991 |b 201006  |z 000049340  |x 33 
996 7 |b 261A006207  |c RK-0005.128  |l Rakouská knihovna/2.patro  |r ZHR  |n 0  |p {1-G-05.128}  |h G  |w 001000754  |u 000010  |a 0  |e BOA001  |j MZK50  |s A